000 00670nam a22001815i 4500
001 160659
003 ES-MaACL
005 20250819000704.0
008 990517s1862 fr |||| | fre d
040 _aCCPB | B
_bspa
_cCCPB | B
100 1 _aNicolás, Michel,
_d1810-1886
_9130474
245 1 0 _aÉtudes critiques sur la Bible
_b: Ancien Testament /
_cMichel Nicolas.
260 _aParis :
_bMichel Lévy Frères,
_c1862.
300 _aVII, 442 p. ;
_c22 cm.
630 0 4 _aBiblia.
_pA. T.-
_xCrítica e interpretación
_9119250
852 _aES-MaACL
_jG-7949
_z-- Enc. hol.
_x-- Edic.: añadir en T260 (Imprimerie A. Wittersheim)
999 _c160659
_d160659